| 000 | 01007nam a2200241 a 4500 | ||
|---|---|---|---|
| 001 | 39800 | ||
| 003 | BD-RjUL | ||
| 005 | 20211209053048.0 | ||
| 008 | 160418s2016 xxu|||| |||| 00| 0 ben d | ||
| 020 |
_a97898491858833 _c: tk. 600.00 |
||
| 035 | _a(BD-RjUL)39913 | ||
| 040 |
_aBD-RjUL _bben _cBD-RjUL |
||
| 041 | _aben | ||
| 082 |
_223 _a332.11095492 _bHOB 2016 |
||
| 100 |
_aহাওলাদার, আর, এ _9122604 |
||
| 245 | 1 | 0 |
_aব্যাংক এবং আর্থিক ব্যবস্থার রীতিনীতি / _cআর এ হাওলাদার, সৈয়দ আশ্রাফ আলী |
| 260 |
_aঢাকা : _bমাওলা ব্রাদার্স, _c২০১৬ |
||
| 300 |
_a৩৮৩ পৃ. ; _c২২ সেমি. |
||
| 650 |
_aব্যাংক ও ব্যাংকিং _zবাংলাদেশ _9122605 |
||
| 650 |
_aBank and Banking _zBangladesh _9122606 |
||
| 700 |
_aআলী, সৈয়দ আশরাফ _9122607 |
||
| 942 |
_2ddc _cBK |
||
| 999 |
_c39800 _d39800 |
||